[Event "African Individual Championshi"]
[Site "Windhoek"]
[Date "2007.09.03"]
[Round "3"]
[White "Belkhodja, Slim"]
[Black "Abdel Razik, Khaled"]
[Result "1-0"]
[WhiteElo "2478"]
[BlackElo "2372"]
[PlyCount "123"]
[EventDate "2007.09.01"]

1. d3 d5 2. Nf3 c5 3. g3 Nc6 4. Bg2 e6 5. O-O Bd6 6. c4 Nf6 7. Bg5 Be7 8. Nc3
O-O 9. cxd5 Nxd5 10. Bxe7 Ncxe7 11. a3 b6 12. Rb1 Bb7 13. b4 cxb4 14. axb4 Rc8
15. Qa4 Nf5 16. Rfc1 Qe7 17. e3 Rfd8 18. d4 Ba8 19. Ne2 Nd6 20. Nf4 b5 21. Qa1
Nc4 22. Nd3 e5 23. Nfxe5 Nxb4 24. Nxc4 bxc4 25. Qa4 Nd5 26. Ra1 c3 27. Qxa7 Bb7
28. Qa3 Qc7 29. Ne1 Rd6 30. Nd3 Ra6 31. Qb3 Rb6 32. Qc2 Nb4 33. Nxb4 Bxg2 {#}
34. Na6 Qd7 35. Kxg2 Rxa6 36. Rxa6 Qb7+ 37. d5 Qxa6 38. h4 Qc4 39. Rd1 Rd8 40.
Rd3 g6 41. Rxc3 Qxd5+ 42. e4 Qd1 43. Qa2 Qd4 44. Rf3 Rd7 45. Rf4 h5 46. Qa5 Kg7
47. Qg5 Rd6 48. Qe7 Rf6 49. Qxf6+ Qxf6 50. Rxf6 Kxf6 51. Kf3 g5 52. Ke3 gxh4
53. gxh4 Ke5 54. f4+ Kd6 55. e5+ Kd5 56. Kd3 f5 57. exf6 Ke6 58. Ke4 Kxf6 59.
f5 Ke7 60. Ke5 Kf7 61. f6 Kf8 62. Kf5 1-0

[Event "African Individual Championshi"]
[Site "Windhoek"]
[Date "2007.09.03"]
[Round "3"]
[White "Simutowe, Amon"]
[Black "Onabogun, Kolade"]
[Result "1-0"]
[WhiteElo "2421"]
[BlackElo "1890"]
[PlyCount "81"]
[EventDate "2007.09.01"]

1. c4 f5 2. Nf3 Nf6 3. b3 e6 4. Bb2 Be7 5. g3 O-O 6. Bg2 d6 7. d4 Qe8 8. Nc3
Qh5 9. e3 Nbd7 10. Ne2 Ne4 11. Nf4 Qh6 12. d5 Ndc5 13. dxe6 Nxe6 14. O-O c6 15.
Nxe6 Bxe6 16. Nd4 Rad8 17. Qc2 d5 18. Rfd1 Qg6 19. cxd5 Bxd5 20. Ne2 Bg5 21.
Rd3 h5 22. h4 Bh6 23. Rad1 Rde8 24. Nf4 Bxf4 25. exf4 Rf7 26. Be5 Kh7 27. Qb2
Rfe7 28. Kh2 Re6 29. Rc1 R8e7 30. Qc2 Re8 31. Rcd1 R6e7 32. Bh3 Rf7 33. Rg1 Nf6
34. f3 Nd7 35. Re3 Ree7 36. Rge1 a6 37. Bf1 Kg8 38. Bd3 Rf8 39. Bb2 Rxe3 40.
Rxe3 {#} 40... Be6 41. Rxe6 1-0

[Event "African Individual Championshi"]
[Site "Windhoek"]
[Date "2007.09.03"]
[Round "3"]
[White "Andrade, Ivan"]
[Black "Gwaze, Robert"]
[Result "0-1"]
[WhiteElo "2134"]
[BlackElo "2413"]
[PlyCount "90"]
[EventDate "2007.09.01"]

1. e4 c5 2. Nf3 e6 3. d4 cxd4 4. Nxd4 a6 5. Bd3 Qc7 6. Nc3 Nf6 7. Qe2 d6 8. Be3
b5 9. a4 b4 10. Nb1 Bb7 11. Nd2 d5 12. Bg5 Nbd7 13. exd5 Bxd5 14. O-O Bd6 15.
N2f3 Ng4 16. h3 Nge5 17. Bxa6 Nxf3+ 18. Nxf3 Bxf3 19. gxf3 O-O 20. Rfd1 Nc5 21.
Bb5 Be5 22. Rab1 h6 23. Bd2 b3 24. cxb3 Nxb3 25. Bb4 Nd4 26. Rxd4 Bxd4 27. Bxf8
{#} 27... Qg3+ 28. Kf1 Qxh3+ 29. Ke1 Rxf8 30. Qe4 Rd8 31. Ke2 Qh2 32. Rf1 Bxb2
33. Bd3 g6 34. a5 Rd4 35. Qa8+ Kg7 36. Rb1 Qe5+ 37. Be4 Qb5+ 38. Ke3 Rb4 39.
Rd1 Qc5+ 40. Ke2 Bd4 41. Qd8 Bxf2 42. Kf1 Bg3 43. Rd2 Bc7 44. Qe8 Rb8 45. Qd7
Rd8 0-1

[Event "African Individual Championshi"]
[Site "Windhoek"]
[Date "2007.09.03"]
[Round "3"]
[White "Chambule, Pedro Lucas"]
[Black "El Gindy, Essam"]
[Result "0-1"]
[WhiteElo "2096"]
[BlackElo "2507"]
[PlyCount "67"]
[EventDate "2007.09.01"]

1. e4 c5 2. Nf3 e6 3. d4 cxd4 4. Nxd4 a6 5. Be2 Nf6 6. Nc3 Qc7 7. Be3 b5 8. a3
Bb7 9. f3 Nc6 10. Qd2 Be7 11. O-O O-O 12. Kh1 Rac8 13. g4 Nxd4 14. Bxd4 e5 15.
Be3 d5 16. exd5 Rfd8 17. Bd3 Nxd5 18. Nxd5 Bxd5 19. Qf2 Qb7 20. Kg1 h6 21. Rad1
Bf6 22. c3 Bc6 23. Bf5 Rb8 24. Bc2 Rxd1 25. Bxd1 Qe7 26. Qc2 Bg5 27. f4 exf4
28. Bxf4 Bxf4 29. Rxf4 Rd8 30. Rf1 h5 31. Qf2 hxg4 32. Bxg4 Rd6 33. Qf4 Qa7+
34. Qf2 0-1

[Event "African Individual Championshi"]
[Site "Windhoek"]
[Date "2007.09.03"]
[Round "3"]
[White "Solomon, Kenny"]
[Black "Chumfwa, Stanley"]
[Result "1/2-1/2"]
[WhiteElo "2344"]
[BlackElo "2329"]
[PlyCount "39"]
[EventDate "2007.09.01"]

1. d4 Nf6 2. c4 e6 3. Nf3 d5 4. Nc3 Bb4 5. cxd5 exd5 6. Bg5 O-O 7. e3 Nbd7 8.
Bd3 c5 9. O-O Qa5 10. Qc2 c4 11. Bf5 g6 12. Bh3 Bxc3 13. Qxc3 Qxc3 14. bxc3 Kg7
15. Nd2 Ne4 16. Nxe4 dxe4 17. f3 f6 18. Bf4 exf3 19. gxf3 Nb6 20. Bxc8 1/2-1/2

[Event "African Individual Championshi"]
[Site "Windhoek"]
[Date "2007.09.03"]
[Round "3"]
[White "Oatlhotse, Providence"]
[Black "Abdelnabbi, Imed"]
[Result "1-0"]
[WhiteElo "2154"]
[BlackElo "2484"]
[PlyCount "108"]
[EventDate "2007.09.01"]

1. d4 d6 2. Nf3 Nf6 3. g3 g6 4. Bg2 Bg7 5. O-O O-O 6. c4 Bf5 7. Qb3 Qc8 8. Nc3
Nc6 9. d5 Nd8 10. Re1 Bh3 11. Bh1 h6 12. e4 Nd7 13. Be3 e5 14. dxe6 Nxe6 15.
Nd5 Re8 16. Qc2 c6 17. Nf4 Nxf4 18. Bxf4 Ne5 19. Nd4 Qc7 20. Rad1 Qb6 21. Nb3
Rad8 22. Be3 Qb4 23. Rc1 Be6 24. Nd2 Ng4 25. b3 Nxe3 26. Rxe3 a5 27. Bf3 Ra8
28. Rd1 Qc5 29. Nf1 a4 30. Qd2 axb3 31. axb3 Be5 32. Be2 Red8 33. Rd3 Kh7 34.
Ne3 Qb6 35. Bg4 Bxg4 36. Nxg4 Bg7 37. Qf4 Rf8 38. Qxd6 Rae8 39. Qf4 h5 40. Nf6+
Bxf6 41. Qxf6 Re6 42. Qf4 Kg7 43. Kg2 Rfe8 44. Rf3 R8e7 45. Rd6 Rxe4 46. Qf6+
Kg8 47. Rfd3 Qc5 48. Rd8+ Re8 49. R3d7 Qf8 50. Rxe8 Rxe8 51. Rxb7 Re6 52. Qf4
Kg7 53. b4 Qe8 54. Qd4+ Rf6 1-0

[Event "African Individual Championshi"]
[Site "Windhoek"]
[Date "2007.09.03"]
[Round "3"]
[White "Sarwat, Walaa"]
[Black "Magana, Ben"]
[Result "1-0"]
[WhiteElo "2388"]
[BlackElo "2151"]
[PlyCount "49"]
[EventDate "2007.09.01"]

1. e4 e5 2. Nf3 Nc6 3. Bb5 a6 4. Ba4 Nf6 5. O-O Be7 6. Bxc6 dxc6 7. d3 Qd6 8.
b3 Bg4 9. Bb2 Nd7 10. Nbd2 Qg6 11. Bxe5 h5 12. Bxc7 h4 13. Nc4 Rc8 14. Bf4 Qf6
15. Be5 Qe6 16. d4 h3 17. g3 f6 18. Bf4 g5 19. Bc1 f5 20. d5 Qh6 21. Ne3 cxd5
22. exf5 Qh5 23. Nxg4 Qxg4 24. Re1 Kf8 25. Rxe7 1-0

[Event "African Individual Championshi"]
[Site "Windhoek"]
[Date "2007.09.03"]
[Round "3"]
[White "Van Den Heever, Donovan"]
[Black "Frhat, Ali"]
[Result "1-0"]
[WhiteElo "2151"]
[BlackElo "2384"]
[PlyCount "93"]
[EventDate "2007.09.01"]

1. e4 c5 2. Nf3 e6 3. d3 Nc6 4. g3 d5 5. Nbd2 g6 6. Bg2 Bg7 7. O-O Nge7 8. Re1
O-O 9. e5 b6 10. c3 f6 11. exf6 Bxf6 12. Nb3 e5 13. c4 Bf5 14. Ng5 h6 15. cxd5
Nxd5 16. Ne4 Bg7 17. a3 Qd7 18. Qc2 Rad8 19. Bd2 Kh8 20. Rac1 Nde7 21. Bf1 Be6
22. Bc3 Qe8 23. Ned2 Qf7 24. Nc4 b5 25. Nxe5 Nxe5 26. Bxe5 Bxe5 27. Nxc5 Nf5
28. Rxe5 Nd4 29. Nxe6 Nxc2 30. Rxc2 Rc8 31. Rce2 Rfe8 32. d4 g5 33. d5 Re7 34.
Nxg5 hxg5 35. Rxe7 Qxd5 36. R2e5 Qd6 37. Re8+ Rxe8 38. Rxe8+ Kg7 39. Bxb5 Qb6
40. Bf1 a5 41. Re5 Kf6 42. Rb5 Qc7 43. b4 a4 44. Rc5 Qd6 45. Ra5 Qd1 46. b5 Qb3
47. b6 1-0

[Event "African Individual Championshi"]
[Site "Windhoek"]
[Date "2007.09.03"]
[Round "3"]
[White "Hassan, Sayed Barakat"]
[Black "Kawuma, Steven Male"]
[Result "1-0"]
[WhiteElo "2375"]
[BlackElo "2144"]
[PlyCount "99"]
[EventDate "2007.09.01"]

1. e4 c5 2. Nc3 Nc6 3. f4 d6 4. Nf3 Nf6 5. Bb5 a6 6. Bxc6+ bxc6 7. d3 Nd7 8.
O-O g6 9. e5 Bg7 10. exd6 exd6 11. Re1+ Kf8 12. Be3 Nf6 13. h3 Nd5 14. Nxd5
cxd5 15. d4 c4 16. b3 cxb3 17. axb3 Bf5 18. Qe2 Qc8 19. Ra2 Bf6 20. g4 Be4 21.
Nd2 Qc3 22. Nxe4 dxe4 23. Rd1 d5 24. Qd2 Qxd2 25. Rxd2 Ke7 26. Ra5 Rhd8 27. Kf1
Bg7 28. Ke2 Rd7 29. Bf2 Bf8 30. c4 Ke6 31. Rda2 Rd6 32. c5 Rc6 33. b4 Rb8 34.
Rxa6 Kd7 35. Ra7+ Rc7 36. Rxc7+ Kxc7 37. Ra7+ Kc6 38. Rxf7 Kb5 39. Rxh7 Kxb4
40. Ra7 Kc3 41. Ke3 Kc4 42. Ra4+ Kb5 43. Ra1 Rc8 44. Rb1+ Ka4 45. Rb7 Bxc5 46.
dxc5 Rxc5 47. Kd4 Rc2 48. Be3 Rh2 49. Kxd5 Rxh3 50. Kxe4 1-0

[Event "African Individual Championshi"]
[Site "Windhoek"]
[Date "2007.09.03"]
[Round "3"]
[White "Mandiza, Farai"]
[Black "Pascoal, Eduardo A"]
[Result "1-0"]
[WhiteElo "2366"]
[BlackElo "2086"]
[PlyCount "77"]
[EventDate "2007.09.01"]

1. d4 Nf6 2. Nf3 e6 3. c4 d5 4. Nc3 Be7 5. Bg5 O-O 6. e3 b6 7. cxd5 exd5 8. Bd3
Bb7 9. Bxf6 Bxf6 10. b4 c6 11. O-O Qe7 12. Rb1 Rd8 13. Re1 g6 14. Qb3 Bg7 15.
e4 Qd7 16. exd5 cxd5 17. b5 Qd6 18. Re2 Nd7 19. Rbe1 Bf8 20. Bc2 Rac8 21. Re3
Nf6 22. Ne5 Qb4 23. Rd1 Qxb3 24. Bxb3 Bb4 25. Ne2 Kg7 26. g4 Rc7 27. f3 Nd7 28.
Nd3 Bd6 29. Ndf4 Bxf4 30. Nxf4 Nf8 31. Rde1 Kf6 32. Re5 Rcd7 33. h4 Kg7 34. Kf2
h6 35. Re7 Kf6 36. R7e5 Ne6 37. Nxe6 fxe6 38. Rxe6+ Kf7 39. Kg3 1-0

[Event "African Individual Championshi"]
[Site "Windhoek"]
[Date "2007.09.03"]
[Round "3"]
[White "Nyazi, Nehad"]
[Black "Alice, Mateus Felizardo Via"]
[Result "1-0"]
[WhiteElo "2239"]
[BlackElo "2255"]
[PlyCount "97"]
[EventDate "2007.09.01"]

1. d4 Nf6 2. c4 g6 3. Nc3 Bg7 4. e4 d6 5. Be2 O-O 6. Bg5 Nbd7 7. Qd2 c6 8. h4
h5 9. f3 a6 10. Nh3 b5 11. Nf2 Qb6 12. g4 Rb8 13. cxb5 cxb5 14. gxh5 b4 15.
hxg6 bxc3 16. gxf7+ Kxf7 17. bxc3 Qb2 18. Qxb2 Rxb2 19. Nd3 Rb6 20. Kd2 a5 21.
Nf4 Ba6 22. Bxa6 Rxa6 23. Rab1 e5 24. Ne2 Rb6 25. Rxb6 Nxb6 26. Rb1 Rb8 27. Kd3
Nfd7 28. f4 Bf6 29. Ng3 exf4 30. Bxf4 Bxh4 31. Nf5 Be7 32. Rh1 Nf8 33. Bxd6
Bxd6 34. Nxd6+ Ke7 35. Nf5+ Kd7 36. d5 Na4 37. Kd4 Rb2 38. Rg1 Rd2+ 39. Ke5
Nxc3 40. Rg7+ Ke8 41. Nd6+ Kd8 42. Nb7+ Ke8 43. Nc5 Re2 44. a4 Rh2 45. Kd6 Rh6+
46. Kc7 Rh4 47. d6 Nd5+ 48. exd5 Ne6+ 49. dxe6 1-0

[Event "African Individual Championshi"]
[Site "Windhoek"]
[Date "2007.09.03"]
[Round "3"]
[White "Masango, S."]
[Black "Nadir, Samir"]
[Result "1/2-1/2"]
[WhiteElo "2140"]
[BlackElo "2164"]
[PlyCount "117"]
[EventDate "2007.09.01"]

1. d4 Nf6 2. Nf3 g6 3. Bf4 Bg7 4. e3 O-O 5. h3 d6 6. Bh2 c5 7. c3 Qb6 8. Qc1
Nc6 9. Be2 cxd4 10. cxd4 e5 11. O-O exd4 12. Bxd6 dxe3 13. Bc5 exf2+ 14. Rxf2
Qa5 15. Nbd2 Re8 16. Rb1 Bf5 17. b4 Qd8 18. Rb3 b6 19. Be3 Nxb4 20. Bd4 Rc8 21.
Qf1 Nc2 22. Bxf6 Bxf6 23. g4 Bd7 24. Nc4 Nd4 25. Nd6 Nxe2+ 26. Rxe2 Rxe2 27.
Qxe2 Rc1+ 28. Kf2 Qc7 29. Ne4 Bg7 30. Rd3 Bb5 31. Nd6 Qxd6 32. Rxd6 Bxe2 33.
Kxe2 Rc2+ 34. Kd3 Rxa2 35. Rd8+ Bf8 36. Ne5 Kg7 37. Rd7 Kf6 38. Nxf7 Be7 39.
Nh6 Ke6 40. Rb7 Ra3+ 41. Ke4 Bc5 42. g5 a5 43. Rxh7 Rxh3 44. Rg7 a4 45. Rxg6+
Kd7 46. Rg7+ Kc6 47. Nf5 a3 48. Nd4+ Bxd4 49. Kxd4 b5 50. Ra7 Kb6 51. Ra8 Kb7
52. Ra5 Kb6 53. Ra8 Rh4+ 54. Kc3 Kb7 55. Ra5 Kc6 56. Kb3 b4 57. g6 Rg4 58. g7
Kb6 59. Ra8 1/2-1/2

[Event "African Individual Championshi"]
[Site "Windhoek"]
[Date "2007.09.04"]
[Round "4"]
[White "Ezat, Mohamed"]
[Black "Nyazi, Nehad"]
[Result "1-0"]
[WhiteElo "2438"]
[BlackElo "2239"]
[PlyCount "71"]
[EventDate "2007.09.01"]

1. d4 Nf6 2. c4 g6 3. Nc3 Bg7 4. e4 d6 5. Be2 O-O 6. Bg5 c5 7. d5 h6 8. Bf4 e6
9. Qd2 exd5 10. exd5 Qb6 11. Nf3 Re8 12. O-O Kh7 13. Bd3 Bg4 14. Nh4 Qd8 15. h3
Bc8 16. Rae1 Na6 17. Nb5 Bf8 18. Qc2 Ne4 19. Nxg6 fxg6 20. Bxe4 Rxe4 21. Qxe4
Bf5 22. Qf3 Nb4 23. g4 Bd3 24. Bxd6 Bxc4 25. Re7+ Bg7 26. Rxg7+ Kxg7 27. Qc3+
Kh7 28. Qxc4 b6 29. Re1 Qf6 30. Re7+ Kg8 31. Re6 Qf3 32. a3 a6 33. Nc7 Nd3 34.
Bg3 Rf8 35. d6 Kh8 36. Qd4+ 1-0

[Event "African Individual Championshi"]
[Site "Windhoek"]
[Date "2007.09.04"]
[Round "4"]
[White "Solomons, Deon"]
[Black "Sarwat, Walaa"]
[Result "0-1"]
[WhiteElo "2233"]
[BlackElo "2388"]
[PlyCount "84"]
[EventDate "2007.09.01"]

1. Nf3 d5 2. d4 Nf6 3. e3 Bf5 4. Be2 e6 5. O-O Be7 6. b3 O-O 7. Bb2 c5 8. Nh4
Bg6 9. Nxg6 hxg6 10. Nd2 Nc6 11. a3 Qc7 12. f4 cxd4 13. exd4 Qb6 14. c3 e5 15.
fxe5 Nxe5 16. Kh1 Nc6 17. Bd3 Bd6 18. Qf3 Rae8 19. Rae1 Qc7 20. g3 Re7 21. Rxe7
Qxe7 22. b4 Re8 23. Bc1 a5 24. Nb3 axb4 25. axb4 Qc7 26. Bd2 Nd8 27. Bb5 Rf8
28. Bd3 b6 29. Ra1 Ne6 30. Re1 Re8 31. Bb5 Re7 32. Ra1 Ne4 33. Ra8+ Nf8 34. Re8
Rxe8 35. Bxe8 Ne6 36. Bb5 g5 37. Be1 g6 38. Qd3 f5 39. Kg2 g4 40. c4 N6g5 41.
Bd2 Nf3 42. c5 Bxg3 0-1

[Event "African Individual Championshi"]
[Site "Windhoek"]
[Date "2007.09.04"]
[Round "4"]
[White "Oatlhotse, Providence"]
[Black "Hassan, Sayed Barakat"]
[Result "0-1"]
[WhiteElo "2154"]
[BlackElo "2375"]
[PlyCount "78"]
[EventDate "2007.09.01"]

1. d4 Nf6 2. Nf3 d6 3. g3 g6 4. Bg2 Bg7 5. O-O O-O 6. c4 Nc6 7. Nc3 Bd7 8. h3
e5 9. d5 Ne7 10. c5 Ne8 11. cxd6 cxd6 12. e4 h6 13. Qb3 b6 14. a4 f5 15. exf5
gxf5 16. a5 bxa5 17. Be3 f4 18. gxf4 exf4 19. Bd2 Ng6 20. Ne2 a4 21. Qc2 Nh4
22. Bxf4 Nxf3+ 23. Bxf3 Rb8 24. Qg6 Rf6 25. Qg2 Rxb2 26. Be3 Bb5 27. Nf4 Bxf1
28. Rxf1 Rxf4 29. Bxf4 Qf6 30. Qg4 Rb4 31. Re1 Qf7 32. Qc8 Rxf4 33. Rxe8+ Bf8
34. Bg4 Qg6 35. Kf1 Qd3+ 36. Kg2 Qg6 37. Kf1 Qf6 38. f3 a3 39. Re1 a2 0-1

[Event "African Individual Championshi"]
[Site "Windhoek"]
[Date "2007.09.04"]
[Round "4"]
[White "Chumfwa, Stanley"]
[Black "Andrade, Ivan"]
[Result "0-1"]
[WhiteElo "2329"]
[BlackElo "2134"]
[PlyCount "98"]
[EventDate "2007.09.01"]

1. e4 c5 2. Nf3 d6 3. d4 cxd4 4. Nxd4 Nf6 5. Nc3 a6 6. Bg5 e6 7. f4 Qb6 8. Qd2
Nc6 9. O-O-O Qxd4 10. Qxd4 Nxd4 11. Rxd4 Be7 12. Be2 Bd7 13. Bf3 Bc6 14. Re1
Rd8 15. Nd5 e5 16. Rdd1 Nxd5 17. exd5 Bxg5 18. dxc6 Bxf4+ 19. Kb1 bxc6 20.
Bxc6+ Ke7 21. g3 Bg5 22. Re4 Rb8 23. Bd5 Rhc8 24. h4 Bh6 25. Rf1 f6 26. g4 Bd2
27. c4 Bc3 28. b3 g6 29. Kc2 Bb4 30. Re3 Rb5 31. Kb1 Rxd5 32. cxd5 Bd2 33. Ref3
Bf4 34. Kb2 Rc5 35. Rd1 h5 36. gxh5 gxh5 37. b4 Rb5 38. Kb3 Rb6 39. Rg1 a5 40.
a3 axb4 41. axb4 Kf7 42. Rc3 Rb7 43. Rc8 Bd2 44. Kc2 Be3 45. Rg3 Bf2 46. Rgc3
Rxb4 47. R3c7+ Kg6 48. Rc6 Bc5 49. Rg8+ Kf5 0-1

[Event "African Individual Championshi"]
[Site "Windhoek"]
[Date "2007.09.04"]
[Round "4"]
[White "Adu, Oladapo"]
[Black "Chambule, Pedro Lucas"]
[Result "1-0"]
[WhiteElo "2294"]
[BlackElo "2096"]
[PlyCount "85"]
[EventDate "2007.09.01"]

1. e4 c6 2. d3 d5 3. Nd2 Nd7 4. Ngf3 Qc7 5. g3 Ngf6 6. Bg2 e6 7. O-O Be7 8. Re1
dxe4 9. dxe4 O-O 10. Nc4 e5 11. a4 b5 12. axb5 cxb5 13. Ne3 Bb7 14. Nd5 Nxd5
15. exd5 a6 16. c3 Bd6 17. Be3 Nf6 18. Nh4 Qd7 19. Bg5 Ne8 20. Qh5 f5 21. Rad1
Nf6 22. Qe2 Rac8 23. Rd2 h6 24. Bxf6 Rxf6 25. Bh3 Qf7 26. Bg2 e4 27. Bh3 Bxd5
28. Nxf5 Rxf5 29. Rxd5 Rxd5 30. Bxc8 Bc5 31. Bxa6 e3 32. fxe3 Re5 33. Qf1 Qe7
34. Qf3 Qa7 35. Qc6 Bxe3+ 36. Kg2 Qf7 37. Qf3 Qe6 38. Bb7 Qd6 39. Re2 Re7 40.
Bd5+ Kh7 41. Be4+ g6 42. Qxe3 b4 43. Bxg6+ 1-0

[Event "African Individual Championshi"]
[Site "Windhoek"]
[Date "2007.09.04"]
[Round "4"]
[White "Mamombe, Kudzanai"]
[Black "Steel, Henry Robert"]
[Result "0-1"]
[WhiteElo "2089"]
[BlackElo "2200"]
[PlyCount "132"]
[EventDate "2007.09.01"]

1. e4 c5 2. Nf3 e6 3. d4 cxd4 4. Nxd4 Nc6 5. Nb5 d6 6. Bf4 e5 7. Be3 a6 8. N5c3
Nf6 9. Bg5 Be7 10. Bxf6 Bxf6 11. Nd5 Bg5 12. Bc4 O-O 13. O-O Be6 14. Nbc3 Rc8
15. Bb3 Kh8 16. f4 exf4 17. Nxf4 Bxb3 18. axb3 Bf6 19. Nfd5 Be5 20. Rf3 g6 21.
Qd3 Nd4 22. Rh3 Rc6 23. Rf1 Qg5 24. Kh1 Kg7 25. Ne3 Ne6 26. Ncd5 Nc5 27. Qc4 b5
28. Qb4 Rcc8 29. g3 Rce8 30. Rh4 h5 31. Kg2 Re6 32. Qd2 Bf6 33. Nxf6 Rxf6 34.
Qc3 Qe5 35. Rxf6 Qxf6 36. Rf4 Qxc3 37. bxc3 Re8 38. Nd5 Nxe4 39. Nc7 Re5 40.
Nxa6 Nxc3 41. Rf2 Nd5 42. Rd2 Ne3+ 43. Kf3 Nf5 44. Nc7 Rc5 45. Nd5 f6 46. c3
Kf7 47. Ke4 Ne7 48. Nxe7 Kxe7 49. Kd4 Ke6 50. Rf2 Rd5+ 51. Ke3 Rd1 52. b4 d5
53. h4 Ke5 54. Ke2 Rg1 55. Rf3 Rg2+ 56. Ke3 g5 57. hxg5 fxg5 58. Kd3 h4 59.
gxh4 gxh4 60. Rf8 Rg3+ 61. Kd2 h3 62. Rh8 Ke4 63. Re8+ Kf3 64. Re3+ Kg4 65. Re8
h2 66. Rg8+ Kf3 0-1

[Event "African Individual Championshi"]
[Site "Windhoek"]
[Date "2007.09.04"]
[Round "4"]
[White "Nadir, Samir"]
[Black "Adly, Ahmed"]
[Result "0-1"]
[WhiteElo "2164"]
[BlackElo "2488"]
[PlyCount "78"]
[EventDate "2007.09.01"]

1. c4 Nf6 2. g3 e6 3. Bg2 d5 4. Nf3 c6 5. O-O dxc4 6. a4 Nbd7 7. Na3 Nb6 8. a5
Nbd5 9. Nxc4 Be7 10. Nfe5 Qc7 11. d4 O-O 12. e4 Nb4 13. Bf4 Qd8 14. g4 Ne8 15.
Ra3 f6 16. Nf3 e5 17. Bd2 Be6 18. Ne3 Na6 19. Ra4 Qc7 20. Bc3 Rd8 21. Qc2 Bd6
22. dxe5 fxe5 23. Ng5 Bc8 24. b4 Qe7 25. Nf3 Nf6 26. h3 Kh8 27. Rb1 Nc7 28. Nc4
Nd7 29. Rd1 Nb5 30. Nxd6 Nxd6 31. Bd2 Nf6 32. Ne1 Nb5 33. Be3 Rxd1 34. Qxd1 Nc3
35. Qc2 Nxa4 36. Qxa4 Qd8 37. Bxa7 Qd2 38. Kf1 b6 39. axb6 Nxg4 0-1

[Event "African Individual Championshi"]
[Site "Windhoek"]
[Date "2007.09.04"]
[Round "4"]
[White "Kawuma, Steven Male"]
[Black "Chimthere, Alfred Charles"]
[Result "1-0"]
[WhiteElo "2144"]
[BlackElo "1968"]
[PlyCount "129"]
[EventDate "2007.09.01"]

1. e4 d6 2. d4 Nf6 3. Nc3 g6 4. f3 Nbd7 5. Be3 c6 6. Qd2 Qc7 7. g4 Nb6 8. g5
Ng8 9. O-O-O Bd7 10. h4 O-O-O 11. h5 e5 12. Be2 Ne7 13. Nh3 gxh5 14. Nf2 Ng6
15. Rxh5 Be7 16. Rdh1 Nf8 17. f4 Rg8 18. f5 exd4 19. Bxd4 d5 20. exd5 Bxf5 21.
dxc6 bxc6 22. Qe3 Bd6 23. Qf3 Bf4+ 24. Be3 Bxe3+ 25. Qxe3 Bg6 26. R5h4 Ne6 27.
a4 a5 28. Bg4 Rge8 29. Qc5 Nd5 30. Kb1 Qb6 31. Qxb6 Nxb6 32. Kc1 Kc7 33. Nfe4
Rd4 34. Nf6 Red8 35. Bxe6 Rxh4 36. Rxh4 fxe6 37. Nxh7 Kd6 38. Nf6 Ke5 39. b4
axb4 40. Rxb4 Nd5 41. Rc4 Nxc3 42. Rxc3 Kd4 43. Rxc6 Ra8 44. Rxe6 Rxa4 45. Rd6+
Ke5 46. Rd5+ Kf4 47. Kb2 Rb4+ 48. Kc3 Rb1 49. Rc5 Rg1 50. Nd5+ Kxg5 51. Ne7+
Kf4 52. Nxg6+ Rxg6 53. Kb4 Ke4 54. c4 Rg1 55. Rc8 Ke5 56. Kc5 Ke6 57. Kc6 Ke7
58. c5 Rb1 59. Rh8 Rb2 60. Kc7 Rb1 61. c6 Rb2 62. Rb8 Rc2 63. Rb3 Re2 64. Kb8
Rc2 65. c7 1-0

[Event "African Individual Championshi"]
[Site "Windhoek"]
[Date "2007.09.04"]
[Round "4"]
[White "Pascoal, Eduardo A"]
[Black "Masango, S."]
[Result "1-0"]
[WhiteElo "2086"]
[BlackElo "2140"]
[PlyCount "79"]
[EventDate "2007.09.01"]

1. d4 Nf6 2. Nf3 e6 3. Bg5 Be7 4. e3 d5 5. Bd3 h6 6. Bh4 O-O 7. Nbd2 c5 8. c3
Nbd7 9. O-O b6 10. Ne5 Nxe5 11. dxe5 Nd7 12. Bxe7 Qxe7 13. f4 Bb7 14. Qg4 f5
15. exf6 Nxf6 16. Qg3 Bc6 17. Nf3 Be8 18. Ne5 Ne4 19. Bxe4 dxe4 20. Rad1 Rd8
21. Ng6 Bxg6 22. Qxg6 e5 23. Qxe4 Rde8 24. f5 Rd8 25. c4 Qf6 26. Rd5 Rde8 27.
g4 h5 28. h3 Qh4 29. Kg2 Rf6 30. Qf3 Re7 31. Qg3 Qg5 32. e4 h4 33. Qd3 Kh7 34.
Qd2 Qxd2+ 35. Rxd2 Kh6 36. Rfd1 Kg5 37. Kf3 g6 38. Rd7 Rff7 39. Rxe7 Rxe7 40.
Rd6 1-0

[Event "African Individual Championshi"]
[Site "Windhoek"]
[Date "2007.09.04"]
[Round "4"]
[White "Alice, Mateus Felizardo Via"]
[Black "Eichab, Charles"]
[Result "0-1"]
[WhiteElo "2255"]
[BlackElo "2062"]
[PlyCount "116"]
[EventDate "2007.09.01"]

1. e4 e5 2. Nf3 Nf6 3. d4 Nxe4 4. Bd3 d5 5. Nxe5 Nd7 6. Nxd7 Bxd7 7. O-O Qh4 8.
c4 O-O-O 9. cxd5 Bd6 10. f4 Rde8 11. Nc3 Nf6 12. Qc2 Ng4 13. g3 Qf6 14. Ne2 h5
15. h4 Re7 16. Bd2 Rhe8 17. Rae1 Ne3 18. Bxe3 Rxe3 19. Kg2 Bg4 20. Rf2 g6 21.
Rc1 Qe7 22. Nc3 Rxg3+ 23. Kxg3 Qe3+ 24. Kg2 Bxf4 25. Rxf4 Bh3+ 26. Kh1 Qxf4 27.
Ne4 Bf5 28. Nd6+ Qxd6 29. Bxf5+ gxf5 30. Qxf5+ Qd7 31. Rf1 Re3 32. Qxd7+ Kxd7
33. Rxf7+ Kd6 34. Kg2 Kxd5 35. Rf5+ Kxd4 36. Rxh5 Re2+ 37. Kg3 Rxb2 38. Ra5 a6
39. h5 Re2 40. h6 c5 41. h7 Re8 42. Ra4+ Kd3 43. Rg4 Rh8 44. Rh4 b5 45. Kf2 Kd2
46. Kf3 c4 47. Ke4 b4 48. Rh2+ Kc3 49. Rh3+ Kb2 50. Rh2+ Ka3 51. Kd4 b3 52.
axb3 cxb3 53. Rh6 a5 54. Kc3 Rc8+ 55. Kd2 b2 56. h8=Q Rxh8 57. Rxh8 b1=Q 58.
Rc8 Qb4+ 0-1

[Event "African Individual Championshi"]
[Site "Windhoek"]
[Date "2007.09.04"]
[Round "4"]
[White "Njili, Kamel"]
[Black "Tjipueja, Werner"]
[Result "1-0"]
[WhiteElo "2366"]
[BlackElo "2083"]
[PlyCount "43"]
[EventDate "2007.09.01"]

1. e4 c5 2. Nf3 d6 3. d4 cxd4 4. Nxd4 Nf6 5. Nc3 a6 6. Bc4 e6 7. Bb3 Be7 8. g4
Nc6 9. g5 Nxd4 10. Qxd4 e5 11. Qe3 Nd7 12. h4 Nc5 13. Bd5 Be6 14. Bd2 Rc8 15.
a4 O-O 16. h5 b5 17. axb5 axb5 18. Nxb5 Qb6 19. c4 Bxg5 20. Qxg5 Nd3+ 21. Ke2
Nxf2 22. h6 1-0

[Event "African Individual Championshi"]
[Site "Windhoek"]
[Date "2007.09.05"]
[Round "5"]
[White "Simutowe, Amon"]
[Black "Gwaze, Robert"]
[Result "0-1"]
[WhiteElo "2421"]
[BlackElo "2413"]
[PlyCount "80"]
[EventDate "2007.09.01"]

1. c4 Nf6 2. Nc3 e5 3. g3 d5 4. cxd5 Nxd5 5. Bg2 Nb6 6. Nf3 Nc6 7. d3 Be7 8. a3
a5 9. Be3 O-O 10. Rc1 Re8 11. O-O Bf8 12. Nb5 a4 13. Bxb6 cxb6 14. Nc3 Nd4 15.
Nd2 Be6 16. Bxb7 Rb8 17. Bg2 b5 18. e3 Nb3 19. Nxb3 Bxb3 20. Qe2 Rb6 21. Ne4 b4
22. axb4 Rxb4 23. Nd2 Be6 24. Nc4 Qb8 25. Rc2 e4 26. Rfc1 exd3 27. Qxd3 Rd8 28.
Qf1 Qb5 29. Bf3 Qf5 30. Bc6 Qf6 31. Nd2 Bf5 32. e4 Rxb2 33. e5 Bxc2 34. exf6
Rxd2 35. Qe1 Bg6 36. Qe8 gxf6 37. Bxa4 Rxf2 38. Rc8 Rg2+ 39. Kh1 Rxh2+ 40. Kg1
Rbg2+ 0-1

[Event "African Individual Championshi"]
[Site "Windhoek"]
[Date "2007.09.05"]
[Round "5"]
[White "Amin, Bassem"]
[Black "Aderito, Pedro"]
[Result "0-1"]
[WhiteElo "2535"]
[BlackElo "2305"]
[PlyCount "80"]
[EventDate "2007.09.01"]

1. e4 e6 2. d3 d5 3. Nd2 Nf6 4. Ngf3 c5 5. g3 Nc6 6. Bg2 e5 7. O-O Be7 8. Re1
d4 9. Nc4 Nd7 10. a4 b6 11. Rf1 a6 12. Nh4 Ndb8 13. Nf5 Bf8 14. f4 Be6 15. Nxe5
Nxe5 16. fxe5 Nc6 17. Bf4 g5 18. Bd2 Nxe5 19. Qh5 h6 20. h4 Rg8 21. Nxh6 Bxh6
22. Qxh6 gxh4 23. gxh4 Kd7 24. a5 Rg6 25. Qf4 Qg8 26. Rf2 Bh3 27. Qxe5 Rxg2+
28. Kh1 Rxf2 29. Qd5+ Ke7 30. Qe5+ Be6 31. Qc7+ Bd7 32. Qe5+ Kd8 33. Rg1 Qe8
34. Bg5+ f6 35. Bxf6+ Kc8 36. Qd5 Bc6 37. Rg8 Bxd5 38. Rxe8+ Kd7 39. Re7+ Kd6
40. Bg5 Rf7 0-1